<?xml version="1.0" encoding="UTF-8"?>
<record
    xmlns:xsi="http://www.w3.org/2001/XMLSchema-instance"
    xsi:schemaLocation="http://www.loc.gov/MARC21/slim http://www.loc.gov/standards/marcxml/schema/MARC21slim.xsd"
    xmlns="http://www.loc.gov/MARC21/slim">

  <leader>01673cas a2200421 a 4500</leader>
  <controlfield tag="001">11379241</controlfield>
  <controlfield tag="003">ASAB</controlfield>
  <controlfield tag="005">20180827062648.0</controlfield>
  <controlfield tag="008">910814c19uu9999et qr p  b    0    0eng  </controlfield>
  <datafield tag="010" ind1=" " ind2=" ">
    <subfield code="a">   90982153 </subfield>
  </datafield>
  <datafield tag="020" ind1=" " ind2=" ">
    <subfield code="a">9789383305490</subfield>
  </datafield>
  <datafield tag="037" ind1=" " ind2=" ">
    <subfield code="b">Library and Documentation Services, International Livestock Centre for Africa, P.O. Box 5689, Addis Ababa, Ethiopia.</subfield>
  </datafield>
  <datafield tag="040" ind1=" " ind2=" ">
    <subfield code="a">DLC</subfield>
    <subfield code="b">eng</subfield>
    <subfield code="c">ASAB</subfield>
    <subfield code="d">OCLCQ</subfield>
    <subfield code="d">OCLCF</subfield>
    <subfield code="d">OCLCO</subfield>
    <subfield code="d">OCLCQ</subfield>
  </datafield>
  <datafield tag="041" ind1="0" ind2=" ">
    <subfield code="a">eng</subfield>
    <subfield code="a">fre</subfield>
    <subfield code="a">ger</subfield>
  </datafield>
  <datafield tag="042" ind1=" " ind2=" ">
    <subfield code="a">pcc</subfield>
  </datafield>
  <datafield tag="050" ind1="0" ind2="0">
    <subfield code="a">Z5074.L7</subfield>
    <subfield code="b">A52</subfield>
    <subfield code="a">SF105</subfield>
  </datafield>
  <datafield tag="082" ind1="0" ind2="0">
    <subfield code="a">636.08/2</subfield>
    <subfield code="2">20</subfield>
  </datafield>
  <datafield tag="245" ind1="0" ind2="0">
    <subfield code="a">Animal breeding and genetics.</subfield>
    <subfield code="c">C.V. Singh</subfield>
  </datafield>
  <datafield tag="260" ind1=" " ind2=" ">
    <subfield code="a">new delhi</subfield>
    <subfield code="b">new india publication agency:</subfield>
    <subfield code="c">2015</subfield>
  </datafield>
  <datafield tag="300" ind1=" " ind2=" ">
    <subfield code="a">344 p</subfield>
  </datafield>
  <datafield tag="310" ind1=" " ind2=" ">
    <subfield code="a">Quarterly</subfield>
  </datafield>
  <datafield tag="546" ind1=" " ind2=" ">
    <subfield code="a">Chiefly in English; some also in French and German.</subfield>
  </datafield>
  <datafield tag="590" ind1=" " ind2=" ">
    <subfield code="a">SERBIB/SERLOC merged record</subfield>
  </datafield>
  <datafield tag="650" ind1=" " ind2="0">
    <subfield code="a">Livestock</subfield>
    <subfield code="x">Breeding</subfield>
    <subfield code="x">Periodicals</subfield>
    <subfield code="v">Bibliography</subfield>
    <subfield code="v">Periodicals.</subfield>
    <subfield code="9">2022</subfield>
  </datafield>
  <datafield tag="650" ind1=" " ind2="0">
    <subfield code="a">Livestock</subfield>
    <subfield code="x">Genetics</subfield>
    <subfield code="x">Periodicals</subfield>
    <subfield code="v">Bibliography</subfield>
    <subfield code="v">Periodicals.</subfield>
    <subfield code="9">2023</subfield>
  </datafield>
  <datafield tag="650" ind1=" " ind2="0">
    <subfield code="a">Animal breeding</subfield>
    <subfield code="x">Periodicals</subfield>
    <subfield code="v">Bibliography</subfield>
    <subfield code="v">Periodicals.</subfield>
    <subfield code="9">2024</subfield>
  </datafield>
  <datafield tag="650" ind1=" " ind2="0">
    <subfield code="a">Animal genetics</subfield>
    <subfield code="x">Periodicals</subfield>
    <subfield code="v">Bibliography</subfield>
    <subfield code="v">Periodicals.</subfield>
    <subfield code="9">2025</subfield>
  </datafield>
  <datafield tag="650" ind1=" " ind2="7">
    <subfield code="a">Animal breeding</subfield>
    <subfield code="x">Periodicals.</subfield>
    <subfield code="2">fast</subfield>
    <subfield code="9">2026</subfield>
  </datafield>
  <datafield tag="650" ind1=" " ind2="7">
    <subfield code="a">Animal genetics</subfield>
    <subfield code="x">Periodicals.</subfield>
    <subfield code="2">fast</subfield>
    <subfield code="9">2027</subfield>
  </datafield>
  <datafield tag="650" ind1=" " ind2="7">
    <subfield code="a">Livestock</subfield>
    <subfield code="x">Breeding</subfield>
    <subfield code="x">Periodicals.</subfield>
    <subfield code="2">fast</subfield>
    <subfield code="9">2028</subfield>
  </datafield>
  <datafield tag="650" ind1=" " ind2="7">
    <subfield code="a">Livestock</subfield>
    <subfield code="x">Genetics</subfield>
    <subfield code="x">Periodicals.</subfield>
    <subfield code="2">fast</subfield>
    <subfield code="9">2029</subfield>
  </datafield>
  <datafield tag="655" ind1=" " ind2="7">
    <subfield code="a">Bibliography.</subfield>
    <subfield code="2">fast</subfield>
    <subfield code="9">2030</subfield>
  </datafield>
  <datafield tag="655" ind1=" " ind2="7">
    <subfield code="a">Periodicals.</subfield>
    <subfield code="2">fast</subfield>
    <subfield code="9">2031</subfield>
  </datafield>
  <datafield tag="710" ind1="2" ind2=" ">
    <subfield code="a">International Livestock Centre for Africa.</subfield>
    <subfield code="b">Library &amp; Documentation Services.</subfield>
    <subfield code="9">2032</subfield>
  </datafield>
  <datafield tag="906" ind1=" " ind2=" ">
    <subfield code="a">7</subfield>
    <subfield code="b">cbc</subfield>
    <subfield code="c">serials</subfield>
    <subfield code="d">2</subfield>
    <subfield code="e">ncip</subfield>
    <subfield code="f">19</subfield>
    <subfield code="g">n-oclcserc</subfield>
  </datafield>
  <datafield tag="942" ind1=" " ind2=" ">
    <subfield code="2">ddc</subfield>
    <subfield code="c">BK</subfield>
  </datafield>
  <datafield tag="999" ind1=" " ind2=" ">
    <subfield code="c">480165</subfield>
    <subfield code="d">480165</subfield>
  </datafield>
  <datafield tag="952" ind1=" " ind2=" ">
    <subfield code="0">0</subfield>
    <subfield code="1">0</subfield>
    <subfield code="2">ddc</subfield>
    <subfield code="4">0</subfield>
    <subfield code="7">0</subfield>
    <subfield code="8">NFIC</subfield>
    <subfield code="a">ASAB</subfield>
    <subfield code="b">ASAB</subfield>
    <subfield code="d">2016-08-05</subfield>
    <subfield code="l">0</subfield>
    <subfield code="o">636.08 SIN</subfield>
    <subfield code="p">ASAB3384</subfield>
    <subfield code="r">2016-08-05</subfield>
    <subfield code="w">2016-08-05</subfield>
    <subfield code="y">BK</subfield>
  </datafield>
</record>
